000 008570000a22002650004500
005 20180803165833.0
008 160517b xxu||||| |||| 00| 0 spa d
040 _aCO-BoIAVH
_cCO-BoIAVH
041 0 _aspa
090 _aAR
_b02914
100 1 _aOlder Venterink, H.
_968631
245 1 0 _aControl of environmental variables on species density in fens and meadows: importance of direct effects and effects through community biomass
260 _a:
_b,
_c.
300 _a-
650 1 4 _aHidrología
_992912
650 1 4 _aRiqueza de especies
_93326
650 1 4 _aProductividad primaria
_913707
650 1 4 _aVegetación
_992799
650 1 4 _aEcología
_992250
700 1 _aWassen, M. J.
_968635
700 1 _aBelgers, J. D, M.
_968636
700 1 _aVerhoeven, J. T. A.
_968637
773 1 _tJournal of Ecology
_3249
_q1033-1040
942 _cARTICULO
_2ddc
999 _c11974
_d11974